000 00355nam a2200145Ia 4500
008 230711s9999||||xx |||||||||||||| ||und||
041 _aENG
082 _a620
_bAN-T
100 _a Jonathan Anderson
245 0 _aThesis assignment writing
250 _a1st Ed.
260 _c1991
_aNew Delhi
_bWiley Eastern Limited
650 _aLiterature
942 _cBK
999 _c2689
_d2689